[Event "1. liga - V 17/18, CT-Gordic"]
[Site ""]
[Date "2017.10.22"]
[Round "1.4"]
[White "Piza, Vlastimil"]
[Black "Miturova, Magdalena"]
[Result "0-1"]
[WhiteElo "2255"]
[BlackElo "2198"]
[PlyCount "0"]
[EventDate "2017.10.22"]

1. e4 e5 2. Nf3 Nc6 3. Bb5 a6 4. Ba4 Nf6 5. O-O Be7 6. Bxc6 dxc6 7. d3 Nd7 8.
Nbd2 O-O 9. Nc4 f6 10. Ne3 Nc5 11. Nf5 Ne6 12. Nxe7+ Qxe7 13. Be3 c5 14. Nd2 b6
15. g3 Bb7 16. a4 Rad8 17. Re1 Qf7 18. Qg4 Nd4 19. Bxd4 cxd4 20. b3 Kh8 21. f4
exf4 22. Qxf4 Qd7 23. Rf1 Rf7 24. Qf5 Qc6 25. Nc4 Rdf8 26. Rf2 Bc8 27. Qd5 Qxd5
28. exd5 Rd7 29. Re1 Rxd5 30. Re7 Bh3 31. Rxc7 Re8 32. Nd2 Re1+ 33. Rf1 Re2 34.
Nf3 Rc5 35. Rxc5 bxc5 36. Re1 Rxe1+ 37. Nxe1 Bg4 38. Kf2 Bd1 39. a5 Kg8 40. c3
dxc3 41. Ke3 Bxb3 42. Nf3 Bd1 43. Ne1 Kf7 44. d4 c4 0-1

[Event "1. liga - V 17/18, CT-Gordic"]
[Site ""]
[Date "2017.10.22"]
[Round "1.5"]
[White "Kawulok, Marek"]
[Black "Haba, Zdenek"]
[Result "1/2-1/2"]
[WhiteElo "2172"]
[BlackElo "2171"]
[PlyCount "0"]
[EventDate "2017.10.22"]

1. e4 c5 2. Nf3 d6 3. c3 Nf6 4. Be2 g6 5. O-O Bg7 6. Bb5+ Bd7 7. Bxd7+ Nbxd7 8.
Re1 O-O 9. d4 cxd4 10. cxd4 Qb6 11. Nc3 e5 12. dxe5 dxe5 13. Qe2 h6 14. Be3 Qc6
15. Red1 Rfd8 16. Rac1 a6 17. Nd5 Qb5 18. Qxb5 axb5 19. Rc7 Nxd5 20. Rxd5 Nf6
21. Rxd8+ Rxd8 22. g3 Nxe4 23. Rxb7 Nd6 24. Rb6 e4 25. Nd2 Bxb2 26. Bf4 Bc1 27.
Bxd6 Bxd2 28. Bc5 b4 1/2-1/2

[Event "1. liga - V 17/18, CT-Gordic"]
[Site ""]
[Date "2017.10.22"]
[Round "1.6"]
[White "Seidl, Stepan"]
[Black "Gibiec, Ernest"]
[Result "0-1"]
[WhiteElo "2188"]
[BlackElo "2153"]
[PlyCount "0"]
[EventDate "2017.10.22"]

1. Nf3 d5 2. g3 Nf6 3. Bg2 c6 4. b3 Bf5 5. Bb2 e6 6. O-O Nbd7 7. d3 Be7 8. Nbd2
Qc7 9. c4 O-O 10. Qc2 Rfe8 11. Rad1 h6 12. Qb1 a5 13. a3 Bg6 14. Qa1 Rec8 15.
Rc1 Qd8 16. Rfd1 Qf8 17. Qa2 Bd6 18. Bh3 Rd8 19. Bg2 Qe7 20. Nf1 e5 21. cxd5
cxd5 22. Ne3 Qe6 23. h3 Rac8 24. a4 d4 25. Nc4 b6 26. Ba3 Bc5 27. Bxc5 Rxc5 28.
Qd2 Nd5 29. Re1 Nb4 30. Nh4 Bh7 31. Kh2 Nf6 32. Red1 e4 33. dxe4 Bxe4 34. Nf3
d3 35. e3 Bxf3 36. Bxf3 Rd7 37. Qb2 Rf5 38. Bg4 Nxg4+ 39. hxg4 Rfd5 40. f3 d2
41. Rc3 Nd3 42. Qc2 Ne1 43. Qe4 Qf6 44. Qe8+ Kh7 45. e4 Rd8 46. e5 Qxf3 47.
Rxf3 Nxf3+ 48. Kg2 Ne1+ 0-1

[Event "1. liga - V 17/18, CT-Gordic"]
[Site ""]
[Date "2017.10.22"]
[Round "1.7"]
[White "Raszka, Janusz"]
[Black "Sedlacek, Oldrich"]
[Result "1/2-1/2"]
[WhiteElo "2116"]
[BlackElo "2238"]
[PlyCount "0"]
[EventDate "2017.10.22"]

1. e4 c6 2. d4 d5 3. Nd2 g6 4. c3 Bg7 5. Bd3 Nh6 6. Ne2 O-O 7. O-O Nd7 8. e5 f6
9. exf6 exf6 10. Nf3 Re8 11. Bf4 Nf8 12. Qd2 Nf7 13. h3 Be6 14. Rfe1 Qd7 15.
Bh2 Bf5 16. Qc2 Bxd3 17. Qxd3 Re7 18. Ng3 Rae8 19. Rxe7 Rxe7 20. Nf1 Bh6 21.
N1d2 Ne6 22. Re1 Neg5 23. Kf1 Nxf3 24. Nxf3 Ng5 25. Nxg5 Bxg5 26. b3 Kf7 27.
Re2 Bh6 28. g4 Qd8 29. Qg3 Qe8 30. Rxe7+ Qxe7 31. Qd3 Qa3 32. Qg3 Qe7 33. Qd3
Bf8 34. Qg3 a6 35. Qc7 Qxc7 36. Bxc7 Ke6 37. Ke2 h5 38. f3 Bh6 39. Bd8 Bg5 40.
Bc7 Kd7 41. Bg3 Bh6 42. Be1 Ke6 43. Bg3 Bg7 44. Bc7 Bh6 45. Bg3 hxg4 46. hxg4
f5 47. Bc7 Bg7 48. Bb6 Bf8 49. Bc7 Be7 50. Bg3 Bf6 51. Be1 b6 52. Bf2 Bg5 53.
Kd3 Bf4 54. Bh4 g5 55. Be1 Bc7 56. Bd2 f4 57. Bc1 Bd6 58. c4 Be7 59. Bd2 Kd7
60. a4 Kc7 61. Bc3 Bf6 62. Bb4 Kd7 63. Bf8 1/2-1/2

[Event "1. liga - V 17/18, CT-Gordic"]
[Site ""]
[Date "2017.10.22"]
[Round "1.8"]
[White "Brychta, David"]
[Black "Mitura, Karel"]
[Result "1/2-1/2"]
[WhiteElo "2165"]
[BlackElo "2153"]
[PlyCount "0"]
[EventDate "2017.10.22"]

1. Nf3 Nf6 2. c4 d6 3. d4 Nbd7 4. g3 e5 5. Nc3 g6 6. Bg2 Bg7 7. O-O O-O 8. h3
Re8 9. Qc2 c6 10. Rd1 Qc7 11. e4 b6 12. Be3 Bb7 13. Rac1 Rad8 14. b3 a6 15. Qd2
Nf8 16. d5 c5 17. Nh4 Nh5 18. Qe2 Bc8 19. Kh2 Bf6 20. Nf3 Bg7 21. Ne1 f6 22.
Nd3 Bh8 23. f4 exf4 24. Nxf4 Nxf4 25. Bxf4 Nd7 26. Qc2 Ne5 27. g4 Qe7 28. Rf1
Bd7 29. a4 Bg7 30. Qd2 Rb8 31. Nd1 b5 32. axb5 axb5 33. Ne3 Rb7 34. b4 bxc4 35.
bxc5 dxc5 36. Rc2 Kh8 37. Bg3 Rb3 38. Nxc4 Nxc4 39. Rxc4 Bb5 40. Rfc1 Bxc4 41.
Rxc4 f5 1/2-1/2

[Event "1. liga - V 17/18, RnK-BSS"]
[Site ""]
[Date "2017.10.22"]
[Round "1.1"]
[White "Sabuk, Piotr"]
[Black "Jasny, Stanislav"]
[Result "1-0"]
[WhiteElo "2372"]
[BlackElo "2367"]
[PlyCount "0"]
[EventDate "2017.10.22"]

1. d4 d6 2. Nf3 g6 3. c4 f5 4. g3 Bg7 5. Bg2 Nf6 6. O-O O-O 7. Nc3 c6 8. Re1
Ne4 9. Qc2 Nxc3 10. bxc3 e5 11. e4 exd4 12. cxd4 c5 13. Bg5 Qc7 14. e5 Nc6 15.
exd6 Qxd6 16. dxc5 Qxc5 17. Rad1 f4 18. Bxf4 Bf5 19. Qe2 Rad8 20. Rxd8 Rxd8 21.
Ng5 Nd4 22. Bd5+ Rxd5 23. Qe8+ Qf8 24. cxd5 h6 25. Bd6 hxg5 26. Bxf8 Nf3+ 27.
Kh1 Bxf8 28. Re7 1-0

[Event "1. liga - V 17/18, RnK-BSS"]
[Site ""]
[Date "2017.10.22"]
[Round "1.2"]
[White "Piesik, Piotr"]
[Black "Havelka, Josef"]
[Result "1/2-1/2"]
[WhiteElo "2357"]
[BlackElo "2320"]
[PlyCount "0"]
[EventDate "2017.10.22"]

1. Nf3 Nf6 2. g3 c5 3. Bg2 d5 4. O-O Nc6 5. d4 e6 6. c4 dxc4 7. Qa4 Bd7 8. Qxc4
cxd4 9. Nxd4 Rc8 10. Nc3 Nxd4 11. Qxd4 Bc5 12. Qh4 Bc6 13. Bg5 Qd4 14. Bxf6
Qxf6 15. Qxf6 gxf6 16. Rfd1 Ke7 17. Rd3 Rhd8 18. Rxd8 Kxd8 19. Bxc6 Rxc6 20.
Ne4 Be7 21. Rd1+ Kc7 22. g4 Rc4 23. f3 Rc2 24. Rd2 Bc5+ 25. Kg2 Rxd2 26. Nxd2
Bd4 27. b3 Kc6 28. f4 Be3 29. Ne4 Bxf4 30. Nxf6 h6 31. h4 Be5 32. Ng8 Bg7 33.
Kf3 Kc5 34. h5 f6 35. Ne7 Bf8 36. Ng8 Bg7 37. Ne7 1/2-1/2

[Event "1. liga - V 17/18, RnK-BSS"]
[Site ""]
[Date "2017.10.22"]
[Round "1.3"]
[White "Kozusek, Daniel"]
[Black "Vesselovsky, Serguei"]
[Result "1/2-1/2"]
[WhiteElo "2237"]
[BlackElo "2330"]
[PlyCount "0"]
[EventDate "2017.10.22"]

1. d4 Nf6 2. Bf4 d6 3. Nc3 Nbd7 4. Nf3 c5 5. d5 b5 6. Nxb5 Rb8 7. a4 a6 8. Na7
Rxb2 9. Bc1 Rb7 10. Nxc8 Qxc8 11. e3 Rb8 12. c4 g6 13. Bd3 Bg7 14. Bd2 O-O 15.
O-O Ng4 16. Rb1 Nge5 1/2-1/2

[Event "1. liga - V 17/18, RnK-BSS"]
[Site ""]
[Date "2017.10.22"]
[Round "1.4"]
[White "Rabatin, Jakub"]
[Black "Mareckova, Martina"]
[Result "1-0"]
[WhiteElo "2280"]
[BlackElo "2141"]
[PlyCount "0"]
[EventDate "2017.10.22"]

1. e4 e5 2. Nf3 Nc6 3. Bb5 a6 4. Ba4 d6 5. c3 Bd7 6. O-O g6 7. d4 Bg7 8. dxe5
dxe5 9. Bg5 Nf6 10. Nbd2 Qe7 11. b4 O-O 12. Bb3 Rfd8 13. Qe2 h6 14. Bxf6 Qxf6
15. h3 Be6 16. Nc4 Bxc4 17. Qxc4 Rd7 18. Rad1 Rad8 19. Rd5 Qe7 20. Rfd1 Rd6 21.
Nd2 R8d7 22. Qe2 Kh7 23. Nf1 Nd8 24. Rxd6 Rxd6 25. Ne3 c6 26. Nc4 Rd7 27. Nb6
Rd6 28. Rd3 Qc7 29. Nc4 Rxd3 30. Qxd3 Kg8 31. Ne3 Qe7 32. g3 Bf8 33. h4 Qd6 34.
Qc2 h5 35. Nc4 Qe7 36. Qd3 Bg7 37. Kg2 Ne6 38. Nb6 Qd8 39. Qe3 Nd4 40. cxd4
Qxb6 41. Qf3 Qc7 42. d5 cxd5 43. Bxd5 Qe7 44. Qc3 Bf8 45. a3 b6 46. Qc6 Qd6 47.
Qb7 Be7 48. Qxa6 Qc7 49. Qb5 Kg7 50. a4 Bd6 51. a5 bxa5 52. bxa5 Bc5 53. Qb7
Qxb7 54. Bxb7 f6 55. f4 exf4 56. gxf4 g5 57. Kg3 Bd6 58. hxg5 fxg5 59. e5 Bb8
60. fxg5 Bxe5+ 61. Kh4 Bc7 62. a6 Bb6 63. Kxh5 Bd4 64. Kg4 Bc5 65. Kf5 Bb6 66.
Be4 Bc5 67. Ke6 1-0

[Event "1. liga - V 17/18, RnK-BSS FM"]
[Site ""]
[Date "2017.10.22"]
[Round "1.5"]
[White "Machlowski, Slawomir"]
[Black "Novosadova, Kristyna"]
[Result "1/2-1/2"]
[WhiteElo "2137"]
[BlackElo "2184"]
[PlyCount "0"]
[EventDate "2017.10.22"]

1. g3 Nf6 2. Bg2 d5 3. Nf3 g6 4. c4 c6 5. O-O Bg7 6. Qc2 O-O 7. d3 Re8 8. Nc3
d4 9. Ne4 Nh5 10. b4 f5 11. Nc5 e5 12. Rb1 Nd7 13. Nxd7 Bxd7 14. Nd2 Qc7 15. a4
Kh8 16. Ba3 Rab8 17. Nb3 Nf6 18. Rfc1 Bh6 19. Rd1 f4 20. Nc5 fxg3 21. hxg3 Bc8
22. Bc1 Qg7 23. Ne4 Nxe4 24. Bxe4 Bf5 25. Bg2 Rf8 26. c5 Bxc1 27. Rdxc1 Be6 28.
b5 Qf7 29. Rf1 Bd5 30. Bxd5 Qxd5 31. Qc4 Qxc4 32. dxc4 Rfc8 33. Rfc1 Rc7 34.
Rc2 Kg7 35. Kg2 Rf8 36. bxc6 bxc6 37. Rcb2 e4 38. Rd1 Rcf7 39. Rxd4 Rxf2+ 40.
Kh3 h5 1/2-1/2

[Event "1. liga - V 17/18, RnK-BSS"]
[Site ""]
[Date "2017.10.22"]
[Round "1.6"]
[White "Stepan, Patrik"]
[Black "Sabol, Marian"]
[Result "1/2-1/2"]
[WhiteElo "2157"]
[BlackElo "2353"]
[PlyCount "0"]
[EventDate "2017.10.22"]

1. d4 Nf6 2. c4 c5 3. d5 b5 4. cxb5 a6 5. b6 d6 6. Nc3 Qxb6 7. Nf3 g6 8. Nd2
Bg7 9. e4 O-O 10. Be2 Qc7 11. Nc4 Nbd7 12. a4 Nb6 13. Na3 Bd7 14. a5 Nc8 15.
Nc4 Bb5 16. O-O Nd7 17. Be3 Rb8 18. Qc2 Na7 19. b3 Rb7 20. Ra2 Rfb8 21. f4 Bxc4
22. Bxc4 Nb5 23. Ne2 Nd4 24. Bxd4 cxd4 25. Rd1 Qc5 26. Kh1 Qa7 27. Qd2 Rb4 28.
h3 Nc5 29. Nxd4 Bxd4 30. Qxd4 Qb7 31. Ra3 Nxb3 32. Rxb3 Rxb3 33. Bxb3 Qxb3 34.
Rc1 f6 35. Qa7 Qb7 36. Rc7 Qxa7 37. Rxa7 Kf8 38. Rxa6 Rb4 39. Ra8+ Kf7 40. a6
Rxe4 41. a7 Ra4 42. Kh2 Ra3 43. g4 Kg7 44. Kg2 Ra2+ 45. Kf3 Ra3+ 46. Ke4 f5+
47. gxf5 Ra4+ 48. Kd3 gxf5 49. Kc3 h6 50. Kb3 Ra1 51. Kc4 Kf7 52. Kb5 Rb1+ 53.
Kc6 Rc1+ 54. Kd7 Ra1 55. h4 1/2-1/2

[Event "1. liga - V 17/18, RnK-BSS"]
[Site ""]
[Date "2017.10.22"]
[Round "1.7"]
[White "Smajzr, Martin"]
[Black "Holeksa, Zdenek"]
[Result "1/2-1/2"]
[WhiteElo "2225"]
[BlackElo "2225"]
[PlyCount "0"]
[EventDate "2017.10.22"]

1. e4 c5 2. Nc3 Nc6 3. f4 e6 4. Nf3 d5 5. d3 Nge7 6. g3 g6 7. Bg2 Bg7 8. O-O
O-O 9. e5 a6 10. Qd2 b5 11. Nd1 f5 12. exf6 Bxf6 13. Re1 Qd6 14. c3 e5 15. Qe2
exf4 16. Bxf4 Qd8 17. Ng5 Ra7 18. Ne6 Bxe6 19. Qxe6+ Kg7 20. Ne3 Rd7 21. Bh3
Rb7 22. Bd6 d4 23. Nd5 Nxd5 24. Bxf8+ Kxf8 25. Qxc6 Rc7 26. Qxa6 dxc3 27. Rf1
Kg7 28. bxc3 Bxc3 29. Rac1 Bd4+ 30. Kh1 Ne3 31. Rf4 Qd5+ 32. Re4 Rf7 33. Qe6
Qh5 34. Rxe3 Bxe3 35. Qxe3 Qxh3 36. Kg1 Qf5 37. Qxc5 Qxd3 38. Qc3+ Qxc3 39.
Rxc3 Ra7 40. a3 Kf7 41. Kf2 Ke6 42. Ke3 Kd5 43. h4 Ra4 44. Rd3+ Kc5 45. Rc3+
Rc4 46. Rb3 h5 47. Kd3 Rd4+ 48. Ke3 Rg4 49. Kf3 Rc4 50. Ke3 Kb6 51. Kd2 Ka5 52.
Rf3 Ka4 53. Re3 Rc6 54. Rf3 Rc5 55. Kd1 Rf5 56. Re3 Rf2 57. Kc1 Ra2 58. Re6
Kxa3 59. Rxg6 Rg2 60. Rg5 b4 61. Ra5+ Kb3 62. Rxh5 Rxg3 63. Rh8 Rc3+ 64. Kd2
Kb2 65. h5 b3 66. h6 Rc2+ 67. Kd1 Rh2 68. h7 1/2-1/2

[Event "1. liga - V 17/18, RnK-BSS"]
[Site ""]
[Date "2017.10.22"]
[Round "1.8"]
[White "Kanakova, Natalie"]
[Black "Pavlicek, Miroslav"]
[Result "1-0"]
[WhiteElo "2117"]
[BlackElo "2056"]
[PlyCount "0"]
[EventDate "2017.10.22"]

1. e4 e6 2. d4 d5 3. Nc3 dxe4 4. Nxe4 Bd7 5. Nf3 Bc6 6. Bd3 Nd7 7. O-O Ngf6 8.
Ng3 Bd6 9. c4 O-O 10. Re1 Bb4 11. Rf1 Bd6 12. a3 Bxg3 13. hxg3 Bxf3 14. Qxf3 c5
15. Be3 cxd4 16. Bxd4 e5 17. Bc3 Qc7 18. Rfe1 Rfe8 19. b4 Rac8 20. Rac1 Qc6 21.
Qe3 e4 22. Bb1 Qa6 23. Bb2 Rxc4 24. Rxc4 Qxc4 25. Qxa7 Qb3 26. Qd4 Ne5 27. Re3
Qa4 28. Bxe4 Neg4 29. Re1 Qc2 30. f3 Qc8 31. Rc1 Qb8 32. Bf5 Rd8 33. Qc5 Nh6
34. Bxf6 gxf6 35. g4 Qf4 36. Re1 Kg7 37. Qe3 Qd6 38. Bb1 Ra8 39. Qe4 Rh8 40.
Qxb7 Qd4+ 41. Kh1 f5 42. Qe7 fxg4 43. Qg5+ 1-0

[Event "1. liga - V 17/18, SM-Ostrava"]
[Site ""]
[Date "2017.10.22"]
[Round "1.1"]
[White "Kanovsky, David"]
[Black "Klima, Lukas"]
[Result "1-0"]
[WhiteElo "2401"]
[BlackElo "2319"]
[PlyCount "0"]
[EventDate "2017.10.22"]

1. e4 c5 2. Nf3 Nc6 3. d4 cxd4 4. Nxd4 Nf6 5. Nc3 e5 6. Ndb5 d6 7. Nd5 Nxd5 8.
exd5 Nb8 9. a4 Be7 10. Be2 O-O 11. O-O Nd7 12. Kh1 f5 13. f4 a6 14. Na3 exf4
15. Bxf4 Ne5 16. Qd2 Bf6 17. a5 Ng6 18. Nc4 Nxf4 19. Qxf4 Bd7 20. Bd3 g6 21.
Nxd6 Qc7 22. Ne8 Qd8 23. Nxf6+ Qxf6 24. Qc7 Rad8 25. Qxb7 Bc8 26. Qb4 f4 27.
Rae1 Rf7 28. b3 Kg7 29. Qe4 Bf5 30. Qe2 h5 31. Bxf5 Qxf5 32. Qe5+ Qxe5 33. Rxe5
Kf6 34. Re6+ Kf5 35. c4 Rb7 36. Rb6 Re7 37. d6 Re2 38. c5 Rc2 39. b4 g5 40.
Rxa6 g4 41. Ra7 1-0

[Event "1. liga - V 17/18, SM-Ostrava"]
[Site ""]
[Date "2017.10.22"]
[Round "1.2"]
[White "Koziol, Kamil"]
[Black "Sosna, Jan"]
[Result "1/2-1/2"]
[WhiteElo "2318"]
[BlackElo "2327"]
[PlyCount "0"]
[EventDate "2017.10.22"]

1. d4 d5 2. c4 e6 3. Nc3 c6 4. e4 dxe4 5. Nxe4 Bb4+ 6. Bd2 Qxd4 7. Bxb4 Qxe4+
8. Be2 Nd7 9. Nf3 c5 10. Bc3 Ngf6 11. Qd6 a5 12. a4 Ra6 13. Qd2 Qg6 14. Nh4 Qe4
15. Nf3 Qg6 16. Nh4 Qe4 1/2-1/2

[Event "1. liga - V 17/18, SM-Ostrava"]
[Site ""]
[Date "2017.10.22"]
[Round "1.3"]
[White "Husek, Martin"]
[Black "Malik, Jan"]
[Result "0-1"]
[WhiteElo "2151"]
[BlackElo "2255"]
[PlyCount "0"]
[EventDate "2017.10.22"]

1. e4 c5 2. Nf3 d6 3. d4 cxd4 4. Nxd4 Nf6 5. Nc3 a6 6. Bg5 Nbd7 7. f4 Qc7 8.
Qf3 h6 9. Bxf6 Nxf6 10. f5 Qc5 11. O-O-O g5 12. e5 Qxe5 13. g3 g4 14. Qf2 h5
15. Kb1 Bd7 16. Bg2 Qc5 17. Qe2 Bg7 18. Bxb7 Rb8 19. Nb3 Qxf5 20. Bxa6 Qf3 21.
Rhe1 Qxe2 22. Rxe2 h4 23. a4 hxg3 24. hxg3 Nh5 25. Ne4 Be5 26. Rh1 f5 27. Reh2
fxe4 28. Rxh5 Rxh5 29. Rxh5 Bxa4 30. Rxe5 dxe5 31. Nc5 Bc6 32. Be2 Kf7 33. Bxg4
e3 34. c4 Rd8 35. b4 Rb8 36. Na6 Be4+ 37. Kb2 Rd8 38. Nc5 e2 39. Bxe2 Rd2+ 40.
Kc1 Rxe2 41. Kd1 Bf3 0-1

[Event "1. liga - V 17/18, SM-Ostrava"]
[Site ""]
[Date "2017.10.22"]
[Round "1.4"]
[White "Ruzicka, Petr"]
[Black "Bazant, Petr"]
[Result "0-1"]
[WhiteElo "2211"]
[BlackElo "2320"]
[PlyCount "0"]
[EventDate "2017.10.22"]

1. Nf3 Nf6 2. c4 e6 3. e3 d5 4. Nc3 Be7 5. Be2 O-O 6. O-O c5 7. d4 dxc4 8. dxc5
Bxc5 9. Ne5 a6 10. Bf3 Qc7 11. Nxc4 Nc6 12. Na4 Rd8 13. Qb3 b5 14. Nxc5 bxc4
15. Qa4 Nd5 16. Bd2 Rb8 17. Rad1 Rxb2 18. Nxa6 Qb6 19. Bc1 Rb5 20. e4 Ra5 21.
Qc2 Nf6 22. Rxd8+ Qxd8 23. Rd1 Qe7 24. Nb8 Nxb8 25. Qxc4 Bd7 26. Qc7 Rb5 27.
Bf4 Ne8 28. Qa7 e5 29. Be3 h6 30. h3 Nf6 31. a4 Nc6 32. Qa8+ Rb8 33. Qa6 Be8
34. Be2 Qb7 35. Qd3 Nb4 36. Qd6 Nc2 37. Bc5 Bxa4 38. Qxe5 Re8 39. Qf4 Qxe4 40.
Qxe4 Nxe4 0-1

[Event "1. liga - V 17/18, SM-Ostrava"]
[Site ""]
[Date "2017.10.22"]
[Round "1.5"]
[White "Vrana, Frantisek"]
[Black "Mrva, Marek"]
[Result "1-0"]
[WhiteElo "2253"]
[BlackElo "2223"]
[PlyCount "0"]
[EventDate "2017.10.22"]

1. d4 Nf6 2. Nf3 c5 3. c4 cxd4 4. Nxd4 g6 5. Nc3 Bg7 6. e4 Nc6 7. Be3 Ng4 8.
Qxg4 Bxd4 9. Bxd4 Nxd4 10. Qd1 e5 11. Qd2 Qa5 12. O-O-O d6 13. Ne2 Qxa2 14.
Nxd4 exd4 15. Qxd4 O-O 16. Rd3 Qa1+ 17. Kc2 b5 18. Ra3 Qe1 19. Qe3 Qxe3 20.
Rxe3 Bb7 21. cxb5 Rac8+ 22. Kd2 Rc5 23. Bd3 d5 24. b4 Rc7 25. e5 d4 26. Rg3
Rfc8 27. Rg4 Rc3 28. Ra1 Rb3 29. Rxd4 Bxg2 30. Rxa7 Rb2+ 31. Ke3 Rc1 32. b6 g5
33. Rg4 Re1+ 34. Kd4 Rxb4+ 35. Bc4 Bf3 36. Rxg5+ Kh8 37. Kc5 Reb1 38. Rxf7 h6
39. Rf8+ Kh7 40. Bg8+ 1-0

[Event "1. liga - V 17/18, SM-Ostrava"]
[Site ""]
[Date "2017.10.22"]
[Round "1.6"]
[White "Splichal, Stanislav"]
[Black "Bazant, Petr"]
[Result "1-0"]
[WhiteElo "2156"]
[BlackElo "2228"]
[PlyCount "0"]
[EventDate "2017.10.22"]

1. d4 d5 2. Nf3 Nf6 3. c4 e6 4. g3 Be7 5. Bg2 O-O 6. O-O Nbd7 7. Qc2 Ne4 8. Nc3
Nxc3 9. bxc3 c6 10. c5 e5 11. dxe5 Nxc5 12. Be3 Qc7 13. c4 dxc4 14. Qxc4 Be6
15. Qc2 Nd7 16. Bf4 Qa5 17. Nd4 Nc5 18. Bd2 Qa4 19. Qxa4 Nxa4 20. Nxe6 fxe6 21.
Rab1 Rab8 22. Rfc1 Bc5 23. e3 Ba3 24. Rc4 Nb6 25. Rc3 Be7 26. Rcb3 Rfc8 27. Bf1
Bd8 28. e4 Bc7 29. f4 g6 30. Be3 Ra8 31. Rb4 Bd8 32. Rd1 Be7 33. Rbb1 Rd8 34.
Kg2 Rxd1 35. Rxd1 Rd8 36. Rb1 c5 37. a4 Rb8 38. a5 Nd7 39. Bc4 Nf8 40. f5 Kf7
41. f6 Bd8 42. Bxc5 Bxa5 43. Bd6 Rd8 44. Bxf8 Kxf8 45. Rxb7 Bc3 46. Rxh7 Rd2+
47. Kf3 Bxe5 48. Bxe6 Bxf6 49. Rf7+ 1-0

[Event "1. liga - V 17/18, SM-Ostrava"]
[Site ""]
[Date "2017.10.22"]
[Round "1.7"]
[White "Zpevakova, Jana"]
[Black "Hladik, Oto"]
[Result "0-1"]
[WhiteElo "2086"]
[BlackElo "2177"]
[PlyCount "0"]
[EventDate "2017.10.22"]

1. d4 Nf6 2. c4 g6 3. Nc3 Bg7 4. Nf3 d5 5. cxd5 Nxd5 6. Bd2 c5 7. Rc1 O-O 8. e3
cxd4 9. Nxd4 e5 10. Nxd5 Qxd5 11. Nb5 Na6 12. Nc3 Qd6 13. e4 Be6 14. Be3 Qb4
15. b3 Rac8 16. Qc2 Rc6 17. Bxa6 Rxa6 18. O-O Rc6 19. Qb2 a6 20. Nd5 Qxe4 21.
Ne7+ Kh8 22. Bc5 Rxc5 23. Rxc5 Re8 24. Qd2 Bf8 25. Rc7 Qd4 26. Qg5 Qd6 27.
Nxg6+ hxg6 28. Qf6+ Kg8 29. Rc3 Bg7 30. Qh4 Qd2 31. Re3 Qxa2 32. f4 Qd2 33.
Ref3 exf4 34. Rxf4 Bd5 35. Rg4 Bxb3 36. Qg3 Qe3+ 0-1

[Event "1. liga - V 17/18, SM-Ostrava"]
[Site ""]
[Date "2017.10.22"]
[Round "1.8"]
[White "Trapl, Dalibor"]
[Black "Skalsky, Alexandr"]
[Result "1-0"]
[WhiteElo "2132"]
[BlackElo "2152"]
[PlyCount "0"]
[EventDate "2017.10.22"]

1. e4 c5 2. Nf3 d6 3. d4 cxd4 4. Nxd4 Nf6 5. Nc3 a6 6. Bg5 e6 7. f4 Nbd7 8. Bc4
b5 9. Bxe6 fxe6 10. Nxe6 Qb6 11. Nd5 Nxd5 12. Qxd5 Nb8 13. Nxf8 Rxf8 14. Qxa8
h6 15. O-O-O hxg5 16. e5 gxf4 17. exd6 Qb7 18. Rhe1+ Kd8 19. Qxb7 Bxb7 20. Rd2
Rf7 21. a4 Nd7 22. axb5 axb5 23. b3 Nf6 24. Re5 Ng4 25. Rxb5 Bc6 26. Rg5 Nxh2
27. Rf2 Kd7 28. c4 Kxd6 29. b4 Bd7 30. Kb2 Kc7 31. Kc3 Ng4 32. Ra2 Kb8 33. b5
Ne3 34. Rg6 Bf5 35. Rb6+ Rb7 36. Rba6 Be4 37. Ra8+ Kc7 38. Rg8 Nf5 39. Kb4 Rb8
40. Rxb8 Kxb8 41. c5 Ne3 42. c6 Bxg2 43. Kc5 g5 44. b6 Bxc6 45. Kxc6 Nc4 46.
Re2 Na5+ 47. Kb5 Nb3 48. Re8+ Kb7 49. Re7+ Kb8 50. Re5 Kb7 51. Rxg5 Nd4+ 52.
Kc4 Nc6 53. Kc5 Nd8 54. Rg7+ Kc8 55. Kd6 Nb7+ 56. Kd5 Nd8 57. Rg8 Kd7 58. Rf8
Nb7 59. Rf7+ Kc8 60. Rxf4 Nd8 61. Rf8 Kd7 62. Rg8 Nb7 63. Rg7+ Kc8 64. Kc6 Nd8+
65. Kb5 Ne6 66. Re7 Nd8 67. Ka6 Nc6 68. Rc7+ 1-0

[Event "1. liga - V 17/18, Brno-Ostrava"]
[Site ""]
[Date "2017.11.12"]
[Round "2.2"]
[White "Koziol, Kamil"]
[Black "Ramik, Zdenek"]
[Result "1/2-1/2"]
[WhiteElo "2311"]
[BlackElo "2155"]
[PlyCount "0"]
[EventDate "2017.10.22"]

1. e4 e5 2. Nf3 d6 3. d4 exd4 4. Nxd4 Nf6 5. Nc3 Be7 6. Be2 O-O 7. O-O Nc6 8.
Re1 Re8 9. Bf4 Bd7 10. h3 Bf8 11. Bf1 g6 12. Nxc6 Bxc6 13. e5 Nh5 14. Bh2 dxe5
15. Bxe5 Qe7 16. Nd5 Qc5 17. c4 Bxd5 18. cxd5 Bd6 19. Rc1 Qb6 20. Bxd6 cxd6 21.
Rxe8+ Rxe8 22. Qa4 Re5 23. Rc8+ Kg7 24. Qb3 1/2-1/2

[Event "1. liga - V 17/18, Brno-Ostrava"]
[Site ""]
[Date "2017.11.12"]
[Round "2.3"]
[White "Skliba, Martin"]
[Black "Malik, Jan"]
[Result "1/2-1/2"]
[WhiteElo "2268"]
[BlackElo "2260"]
[PlyCount "0"]
[EventDate "2017.10.22"]

1. d4 d5 2. Nf3 e6 3. c4 c6 4. e3 Nf6 5. Nc3 Nbd7 6. Qc2 Bd6 7. Be2 O-O 8. O-O
Qe7 9. Rd1 b6 10. b3 Bb7 11. Bb2 dxc4 12. bxc4 c5 13. d5 exd5 14. cxd5 a6 15.
a4 Rfe8 16. g3 Rad8 1/2-1/2

[Event "1. liga - V 17/18, Brno-Ostrava"]
[Site ""]
[Date "2017.11.12"]
[Round "2.4"]
[White "Brecka, Ivan"]
[Black "Kulovana, Eva"]
[Result "1/2-1/2"]
[WhiteElo "2316"]
[BlackElo "2131"]
[PlyCount "0"]
[EventDate "2017.10.22"]

1. e4 c6 2. d4 d5 3. Nc3 dxe4 4. Nxe4 Bf5 5. Ng3 Bg6 6. h4 h6 7. Nf3 Nf6 8. h5
Bh7 9. Bd3 Bxd3 10. Qxd3 e6 11. Bf4 Bd6 12. Bxd6 Qxd6 13. O-O-O Nbd7 14. Qe2
O-O-O 15. Ne5 Rhf8 16. Kb1 Qc7 17. f4 Nxe5 18. fxe5 Nh7 19. Ne4 Ng5 20. Nxg5
hxg5 21. Qg4 Qe7 22. Rd3 f5 23. exf6 gxf6 24. Re3 f5 25. Qe2 Rxd4 26. Rxe6 Qd7
27. h6 Rd2 28. Qe1 Rd8 29. a3 Rd1+ 30. Qxd1 Qxd1+ 31. Rxd1 Rxd1+ 32. Ka2 Rh1
33. Re5 f4 34. Rxg5 Rxh6 35. Kb3 Rf6 36. Rg7 1/2-1/2

[Event "1. liga - V 17/18, Brno-Ostrava"]
[Site ""]
[Date "2017.11.12"]
[Round "2.5"]
[White "Dvorak, Adam"]
[Black "Ruzicka, Petr"]
[Result "1/2-1/2"]
[WhiteElo "2202"]
[BlackElo "2213"]
[PlyCount "0"]
[EventDate "2017.10.22"]

1. d4 Nf6 2. c4 c5 3. d5 b5 4. Qc2 g6 5. e4 d6 6. Nf3 Bg7 7. h3 O-O 8. Be2 bxc4
9. Nc3 Na6 10. Bxc4 Nc7 11. O-O Rb8 12. Re1 Nd7 13. Bg5 Re8 14. Rad1 Ba6 15.
Nd2 Qc8 16. f4 Qb7 17. Bxa6 Nxa6 18. Nc4 Nb4 19. Qe2 Bd4+ 20. Kh1 f6 21. Bh4
Qa6 22. a3 Nc2 23. Qxc2 Qxc4 24. Rd2 Rb3 25. Nd1 Nb6 26. Bf2 Bxf2 27. Rxf2 Rb8
28. Ree2 Qxc2 29. Rxc2 Na4 30. Rfd2 Kf7 31. Kg1 h5 32. Kf2 h4 33. Ke2 Nb6 34.
Rd3 1/2-1/2

[Event "1. liga - V 17/18, Brno-Ostrava"]
[Site ""]
[Date "2017.11.12"]
[Round "2.6"]
[White "Mrva, Marek"]
[Black "Hosek, Martin"]
[Result "0-1"]
[WhiteElo "2214"]
[BlackElo "2113"]
[PlyCount "0"]
[EventDate "2017.10.22"]

1. e4 Nf6 2. e5 Nd5 3. Nc3 Nxc3 4. bxc3 d6 5. f4 dxe5 6. fxe5 g6 7. Nf3 Bg7 8.
d4 O-O 9. Bc4 c5 10. O-O h6 11. Be3 Nc6 12. Nh4 e6 13. Qg4 cxd4 14. cxd4 Ne7
15. Rf3 Bd7 16. Raf1 Rc8 17. Bd3 Nf5 18. Nxf5 exf5 19. Qg3 Be6 20. Rf4 Bc4 21.
Qf2 Bxd3 22. cxd3 Qd5 23. Rf3 Rc3 24. h4 h5 25. Rc1 Rxd3 26. Rc5 Qe4 27. Rc7 f4
28. Bxf4 Rd1+ 29. Kh2 Rxd4 30. Re7 Qd5 31. e6 fxe6 32. Rxg7+ Kxg7 33. Bh6+ Kxh6
34. Rxf8 Qd6+ 35. Kh3 Rd3+ 36. Rf3 Qf4 37. Qxa7 Qg4+ 38. Kh2 Qxh4+ 39. Kg1 Rxf3
40. gxf3 Qg3+ 41. Kf1 Qxf3+ 42. Kg1 e5 43. Qb8 Qd1+ 44. Kg2 Qd5+ 45. Kh2 Qxa2+
46. Kg1 Qb1+ 47. Kh2 Qc2+ 48. Kg1 Qd1+ 49. Kh2 Qd5 50. Qf8+ Kg5 51. Qe7+ Kg4
52. Qe8 g5 53. Qa4+ Qd4 54. Qc2 Qf4+ 55. Kg2 Qf3+ 56. Kg1 e4 57. Qc8+ Kg3 58.
Qc7+ Qf4 59. Qc5 e3 0-1

[Event "1. liga - V 17/18, Brno-Ostrava"]
[Site ""]
[Date "2017.11.12"]
[Round "2.8"]
[White "Hladik, Oto"]
[Black "Slepov, Kyryl"]
[Result "1-0"]
[WhiteElo "2176"]
[BlackElo "2116"]
[PlyCount "0"]
[EventDate "2017.10.22"]

1. e4 c5 2. Nf3 d6 3. Bb5+ Bd7 4. Bxd7+ Qxd7 5. O-O Nf6 6. e5 dxe5 7. Nxe5 Qc7
8. d4 e6 9. Bf4 Bd6 10. Na3 Bxe5 11. dxe5 a6 12. Nc4 O-O 13. exf6 Qxf4 14. fxg7
Re8 15. Nb6 Ra7 16. a4 a5 17. Re1 Ra6 18. Nd5 Qg5 19. Qf3 Rc8 20. Nf6+ Kxg7 21.
Re4 Qxf6 22. Rg4+ Qg6 23. Rxg6+ hxg6 24. Qxb7 Rd8 25. h3 c4 26. Ra3 Rad6 27.
Rc3 Nc6 28. Rxc4 Nd4 29. Rc8 Rxc8 30. Qxc8 Rc6 31. Qd8 Ne2+ 32. Kh2 Rxc2 33.
Qxa5 Kh7 34. Qb6 1-0